=LDR 00000nam 2200000 4500 =001 INLIS000000000027708 =005 20130612130049 =008 ***********************************Ind** =035 ##$$0010-061300000027708 =041 ##$$a Ind =082 ##$$a 591.77 =090 ##$$a 591.77, Fau k =100 ##$$a Fauziah, Alya Nur =245 ##$$a Kehidupan laut Indonesia, Alya Nur Fausiah ; editor, Iman Budiman =260 ##$$a 2005 $b Bandung =300 ##$$a ...jil, ilus, 29 cm =650 ##$$a Binatang Laut-Kehidupan =700 ##$$a Budiman, Iman =850 ##$$a NBPNMAT